| 000 | 01036nam a2200313 a 4500 | ||
|---|---|---|---|
| 001 | 77264 | ||
| 003 | BD-RjUL | ||
| 005 | 20211209082942.0 | ||
| 008 | 200309t1965 scu b 000 0 eng | ||
| 020 | _a087249151X | ||
| 035 | _a(BD-RjUL)77489 | ||
| 040 |
_aDLC _cDLC _dDLC _dBD-RjUL _beng |
||
| 041 | _aeng | ||
| 082 | 0 | 0 |
_223 _a821.608 _bJOS 1965 |
| 100 |
_aJohnson, Samuel, _d1709-1784 _9240550 |
||
| 245 | 1 | 0 |
_aSelected poems of Samuel Johnson and Oliver Goldsmith. _cSamuel Johnson, Oliver Goldsmith; Edited by Alan Rudrum and Peter Dixon. |
| 260 |
_aColumbia, S.C., _bUniversity of South Carolina Press _c[1970, c1965] |
||
| 300 |
_a146 p. _c20 cm. |
||
| 350 | _a$2.25 | ||
| 490 | 0 | _aThe English library | |
| 504 | _aIncludes bibliographical references. | ||
| 650 | 0 |
_aEnglish poetry _y18th century. _9240551 |
|
| 700 | 1 |
_aGoldsmith, Oliver, _d1730?-1774. _9240557 |
|
| 700 | 1 |
_aRudrum, Alan, _9240553 |
|
| 700 | 1 |
_aDixon, Peter, _d1932- _9240558 |
|
| 942 |
_2ddc _cBK |
||
| 999 |
_c77264 _d77264 |
||